Marketing vo vybranej komerčnej banke bakalárska práca

Saved in:
Bibliographic Details
Main Author: Gaštanová, Sofia
Corporate Author: Národohospodárska fakulta EU. Katedra bankovníctva a medzinárodných financií
Other Authors: Pilch, Ctibor, 1957-
Format: Book
Language:Slovak
Published: Bratislava 2019
Tags: Add Tag
No Tags, Be the first to tag this record!

MARC

LEADER 00000nbm a2200000 4500
001 0256497
005 20190729122132.6
041 0 |a slo 
044 |a SK 
245 1 0 |a Marketing vo vybranej komerčnej banke  |b bakalárska práca  |c Sofia Gaštanová ; školiteľ: Ctibor Pilch 
264 1 |a Bratislava  |c 2019 
300 |a 52 s. 
100 1 |a Gaštanová, Sofia 
700 1 |a Pilch, Ctibor, 1957- 
710 2 |a Národohospodárska fakulta EU. Katedra bankovníctva a medzinárodných financií